World's living faiths: voices & visions / 1

Saved in:  
Bibliographic Details
Format: Print Book
Language:English
Subito Delivery Service: Order now.
Check availability: HBZ Gateway
WorldCat: WorldCat
Interlibrary Loan:Interlibrary Loan for the Fachinformationsdienste (Specialized Information Services in Germany)
Published: New Delhi Aryan Books Internat. 2002
In: World's living faiths: voices & visions reflections of the great thinkers of all religions, races, and countries
Year: 2002
Volumes / Articles:Show volumes/articles.
Online Access: Table of Contents

MARC

LEADER 00000cam a2200000 cc4500
001 1173578048
003 DE-627
005 20240503194512.0
007 tu
008 030304s2002 xx ||||| 00| ||eng c
020 |a 8173052298  |9 81-7305-229-8 
035 |a (DE-627)1173578048 
035 |a (DE-576)103578048 
035 |a (DE-599)BSZ103578048 
035 |a (OCoLC)57191825 
040 |a DE-627  |b ger  |c DE-627  |e rakwb 
041 |a eng 
084 |a 0  |2 ssgn 
245 0 0 |a World's living faiths: voices & visions  |n 1  |c ed. by Charles Frederick Weller 
264 1 |a New Delhi  |b Aryan Books Internat.  |c 2002 
300 |a XVIII, 335 S. 
336 |a Text  |b txt  |2 rdacontent 
337 |a ohne Hilfsmittel zu benutzen  |b n  |2 rdamedia 
338 |a Band  |b nc  |2 rdacarrier 
583 1 |a Archivierung prüfen  |c 20200919  |f DE-640  |z 1  |2 pdager 
583 1 |a Archivierung/Langzeitarchivierung gewährleistet  |f SSG  |x XA-DE-BW  |2 pdager  |5 DE-21 
773 1 8 |a World's living faiths: voices & visions reflections of the great thinkers of all religions, races, and countries  |w (DE-627)1173577947  |w (DE-576)103577947  |g 1  |q 1  |7 nnam 
856 4 2 |u https://swbplus.bsz-bw.de/bsz1173578048inh.htm  |m V:DE-576  |m B:DE-21  |v 20230113193647  |3 Inhaltsverzeichnis  |7 1 
935 |a mteo 
951 |a MV 
ACO |a 1 
ELC |b 1 
ITA |a 1  |t 1 
LOK |0 000 xxxxxcx a22 zn 4500 
LOK |0 001 242370903X 
LOK |0 003 DE-627 
LOK |0 004 1173578048 
LOK |0 005 20030304000000 
LOK |0 008 030304||||||||||||||||ger||||||| 
LOK |0 040   |a DE-21  |c DE-627  |d DE-21 
LOK |0 852   |a DE-21 
LOK |0 852 1  |c 43 A 1539-1  |9 00 
LOK |0 935   |a theo 
LOK |0 939   |a 04-03-03  |b l01 
ORI |a SA-MARC-ixtheoa001.raw 
REL |a 1 
SPR |a 1  |t IXT  |t REL 
SUB |a REL